PEOPLE IN CRISIS 3RD EDITION / (Record no. 616649)

000 -LEADER
fixed length control field 00371nam a22001457a 4500
020 ## - INTERNATIONAL STANDARD BOOK NUMBER
Qualifying information PB.
040 ## - CATALOGING SOURCE
Transcribing agency FIZZA ISHAQ
082 ## - DEWEY DECIMAL CLASSIFICATION NUMBER
Classification number 616.890
Author Mark LEE
100 ## - MAIN ENTRY--PERSONAL NAME
Personal name HOFF,ANN LEE.
9 (RLIN) 133684
245 ## - TITLE STATEMENT
Title PEOPLE IN CRISIS 3RD EDITION /
Statement of responsibility, etc. LEE ANN HOFF.
250 ## - EDITION STATEMENT
Edition statement 3RD ED.
260 ## - PUBLICATION, DISTRIBUTION, ETC.
Place of publication, distribution, etc. NEW YORK ;
Name of publisher, distributor, etc. ADDISON-WESLEY,
Date of publication, distribution, etc. 616.890
300 ## - PHYSICAL DESCRIPTION
Extent 464 P. ;
Dimensions 9.1X6.1IN
942 ## - ADDED ENTRY ELEMENTS (KOHA)
Source of classification or shelving scheme
Koha item type Book
Holdings
Withdrawn status Lost status Source of classification or shelving scheme Damaged status Not for loan Permanent Location Current Location Shelving location Date acquired Total Checkouts Full call number Barcode Date last seen Price effective from Koha item type
          NUST Baluchistan Campus (NBC) NUST Baluchistan Campus (NBC) General Stacks 03/12/2026   616.89 LEE QD-488 03/12/2026 03/12/2026 Book
          NUST Baluchistan Campus (NBC) NUST Baluchistan Campus (NBC) General Stacks 03/12/2026   616.89 LEE QD-4 88 03/12/2026 03/12/2026 Book
© 2023 Central Library, National University of Sciences and Technology. All Rights Reserved.